000 00546nam a2200217 a 4500
999 _c4387
_d4387
001 4387
003 BD-JhCC
005 20171128195238.0
008 171126s1965 enk||||| ||a| 00| 0 eng d
035 _a(BD-JhCC)4387
040 _aBD-JhCC
_dBD-JhCC
041 _aeng
082 _a425
_bSCH 1965
100 _aSchibsbye, Knud
245 _aA Modern English Grammar /
_cKnud Schibsbye
260 _aLondon :
_bOxford University Press,
_c1965.
300 _a310 p. :
_c21 cm.
650 _aEnglish Grammer
942 _2ddc
_cBK